Tetrahymena pyriformis - biologický model pre štúdium vplyvu vanádu na utilizáciu glukózy

Bibliographic Details
Main Authors: Ništiar, František, 1949- (Author), Lukačínová, Agnesa, 1968- (Author)
Corporate Author: Labkvalita 03 (Author)
Format: Conference Proceeding Article
Language:Slovak
ISSN:1335-2644
Subjects:

MARC

LEADER 00000nab a2200000 a 4500
001 vtls001494978
003 SK-MaSNL
005 20260304135159.0
008 250505c2003 xo g 0 slo
015 |a SNBCL2005/2 
035 |a (uuid)475766ce-fd9b-4a77-818c-d23e80c4318e 
035 |a urn:nbn:sk:snk-abu94 
035 |a (urnnbn)urn:nbn:sk:snk:ar-a0490z 
040 |a SNKBUCL  |b slo  |c SNKBUCL  |e AACR2 
041 0 |a slo 
044 |a xo  |c SK 
080 |a 593.1:546.881.5:547.455.623:061.3  |2 1981 
100 1 |a Ništiar, František,  |d 1949-  |4 aut  |9 203239 
245 1 0 |a Tetrahymena pyriformis - biologický model pre štúdium vplyvu vanádu na utilizáciu glukózy  |c František Ništiar, Agnesa Lukačínová 
504 |a Bibliogr. odkazy 
650 0 7 |a Tetrahymena pyriformis  |2 MESH  |9 1225639 
650 0 7 |a vanád  |2 MESH  |9 18191 
650 0 7 |a LD 50  |2 MESH  |9 1008423 
650 0 7 |a glukóza  |2 MESH  |9 18190 
650 0 7 |a receptor inzulínový  |2 MESH  |9 1344538 
650 0 7 |a techniky mikrobiologické  |x metódy  |2 MESH  |9 1077468 
700 1 |a Lukačínová, Agnesa,  |d 1968-  |4 aut  |9 216171 
711 1 |a Labkvalita 03  |n (6. :  |d 2003 :  |c Košice, Slovensko)  |4 aut  |9 875266 
773 0 |t Laboratórna diagnostika  |g Roč. 8, č. 1 (2003), s. 86-87  |x 1335-2644 
850 |a Slovenská národná knižnica 
852 |a Slovenská národná knižnica 
954 |a odborná, vedecká literatúra pôvodná (slovenská)  |2 lita 
958 |a article27 
958 |a OND 
958 |a EUIPO 
999 |c 2909751  |d 2911681